Cutting out the flab (Record no. 62981)
[ view plain ]
| 000 -LEADER | |
|---|---|
| fixed length control field | 00672cam a2200205 4500 |
| 001 - CONTROL NUMBER | |
| control field | ABS62018 |
| 008 - FIXED-LENGTH DATA ELEMENTS--GENERAL INFORMATION | |
| fixed length control field | 000000n2000 000 0 eng u |
| 035 ## - SYSTEM CONTROL NUMBER | |
| System control number | (Sirsi) u105007 |
| 100 ## - MAIN ENTRY--PERSONAL NAME | |
| Personal name | Smith, K. |
| 245 ## - TITLE STATEMENT | |
| Title | Cutting out the flab |
| 260 ## - PUBLICATION, DISTRIBUTION, ETC. | |
| Date of publication, distribution, etc. | 2000 |
| 490 ## - SERIES STATEMENT | |
| Series statement | Construction News |
| Volume/sequential designation | (6658) 23 March 2000, 10-11(2) |
| 520 ## - SUMMARY, ETC. | |
| Summary, etc. | Explains the difficulties involved in putting lean construction into practice despite the scope it offers for reduced waste, increased profits and savings on whole-life costs. |
| 590 ## - LOCAL NOTE (RLIN) | |
| Local note | ABS |
| 650 ## - SUBJECT ADDED ENTRY--TOPICAL TERM | |
| Topical term or geographic name entry element | LEAN CONSTRUCTION |
| 650 ## - SUBJECT ADDED ENTRY--TOPICAL TERM | |
| Topical term or geographic name entry element | SAVINGS |
| 650 ## - SUBJECT ADDED ENTRY--TOPICAL TERM | |
| Topical term or geographic name entry element | PROFITS |
| 690 ## - LOCAL SUBJECT ADDED ENTRY--TOPICAL TERM (OCLC, RLIN) | |
| Topical term or geographic name as entry element | BUILT ENVIRONMENT-BUILDING COSTS |
| 942 ## - ADDED ENTRY ELEMENTS (KOHA) | |
| Suppress in OPAC | 0 |
| Withdrawn status | Lost status | Source of classification or shelving scheme | Damaged status | Not for loan | Home library | Current library | Shelving location | Date acquired | Total Checkouts | Full call number | Barcode | Date last seen | Copy number | Price effective from | Koha item type |
|---|---|---|---|---|---|---|---|---|---|---|---|---|---|---|---|
| Dewey Decimal Classification | London | London | Journal article | 23/03/2000 | ABS62018 | 105007-1001 | 06/08/2019 | 1 | 06/08/2019 | Journal article |